000 00906nam a22003017a 4500
001 BR9510542
003 BR-BrBNA
005 20230928094829.0
007 ta
008 230509b bl.||||| |||| 00| 0 por d
040 _aBR-BrBNA
_bpor
_cBiblioteca Nacional de Agricultura
041 _a(Por)
072 _aK50
_b2480
090 _ 2480 BR9510542
100 1 _aWisniewski, A.
110 1 _aConselho Nacional da Borracha, Rio de Janeiro, RJ (Brasil)
_92647
111 1 _a2. Seminario Nacional da Seringueira
_cRio Branco, AC (Brazil)
_dJun 1976
245 1 _aCaracteres diferenciais das borrachas amazonicas
260 3 _aRio de Janeiro, RJ (Brasil):
_c1976.
300 _a[vp]
500 _a10 ref.
650 _aBorracha Brasileira
650 _aVariedade
650 _aPropriedade Fisico-Quimica
650 _aPropriedade Mecanica
909 _a202309
_bLucia
_c55
_dLucia Elande
942 _cBK
999 _c52892
_d52892